|
|
|
|
| LEADER |
03510nam a22003973i 4500 |
| 001 |
EBC6955785 |
| 003 |
MiAaPQ |
| 005 |
20231204023223.0 |
| 006 |
m o d | |
| 007 |
cr cnu|||||||| |
| 008 |
231204s2015 xx o ||||0 ger d |
| 020 |
|
|
|a 9783839409435
|q (electronic bk.)
|
| 020 |
|
|
|z 9783899429435
|
| 035 |
|
|
|a (MiAaPQ)EBC6955785
|
| 035 |
|
|
|a (Au-PeEL)EBL6955785
|
| 035 |
|
|
|a (OCoLC)1049913655
|
| 040 |
|
|
|a MiAaPQ
|b eng
|e rda
|e pn
|c MiAaPQ
|d MiAaPQ
|
| 100 |
1 |
|
|a Richter, Sebastian.
|
| 245 |
1 |
0 |
|a Digitaler Realismus :
|b Zwischen Computeranimation und Live-Action. Die neue Bildästhetik in Spielfilmen.
|
| 250 |
|
|
|a 1st ed.
|
| 264 |
|
1 |
|a Bielefeld :
|b transcript,
|c 2015.
|
| 264 |
|
4 |
|c {copy}2015.
|
| 300 |
|
|
|a 1 online resource (231 pages)
|
| 336 |
|
|
|a text
|b txt
|2 rdacontent
|
| 337 |
|
|
|a computer
|b c
|2 rdamedia
|
| 338 |
|
|
|a online resource
|b cr
|2 rdacarrier
|
| 490 |
1 |
|
|a Film
|
| 505 |
0 |
|
|a Cover Digitaler Realismus -- INHALT -- Prolog -- VORSPANN -- Einleitung -- Grundzüge einer bildwissenschaftlichen Medienanalyse -- AN DER BASIS DER BILDER -- Fotografische und computergestützte Bildproduktion -- Kinematografische Bewegungsbilder -- Realismus und Film -- Das fotografische Einzelbild -- Das filmische Durchschnittsbild -- Das Prinzip der Montage -- Bewegte Kamera und Sequenzeinstellung -- Videografische und digitale Bewegungsbilder -- Numerische Datenspeicherung -- Digitale Aufnahmesysteme in der Filmproduktion -- Digitale Bildbearbeitung -- Exkurs: DV -Realismus -- Konstruierte Bewegungsbilder -- Trickfilm -- Optische Kombinationsbilder und Mischfilme -- Computeranimation -- Digitale Kombinationsbilder: Digital Compositing -- Hybride Bewegungsbilder -- REALISTISCHE BILDWELTEN JENSEITS DES KAMERABLICKS -- Technik und Ästhetik hybrider Bewegungsbilder -- Ununterscheidbare Bildebenen: Digitales Compositing -- Oberflächeninszenierungen mit Farbe und Licht -- Der Schauspieler als Grafikelement -- Kontrollierte Perspektiven: Virtuelle Kamera -- Filmen im Modell: Prävisualisierung -- Computeranimierte Perspektivverschiebung: Alterierende Räume in The Polar Express -- Unmögliches visualisieren: Animierte Sequenzen im Spielfilm -- Montage ohne Schnitt: Realismus durch Kontinuität -- Gespielte Animationen: Motion Capture -- Bewegungsaufzeichnung mit Motion Capture -- Animierte Schizophrenie: Gollum (The Lord ofthe Rings) -- Den Affen machen: King Kong -- Digitale Doppelgänger und geklonte Schauspieler -- Die Essenz des Schauspielens: The Polar Express -- Animierte Fotografien: The Matrix -- Der Schauspieler und sein digitales Double -- DIGITALER REALISMUS -- Herstellungslogik, Stil und Wahrnehmung hybrider Bewegungsbilder -- Ausblick: Hybridisierung und Wirklichkeitsbezug -- ABSPANN -- Realismus und Realismuseffekte: Eine Übersicht.
|
| 505 |
8 |
|
|a Realismusbegriffe -- Realismuseffekte in hybriden Bewegungsbildern -- Abbildungen -- Filme -- Literatur.
|
| 588 |
|
|
|a Description based on publisher supplied metadata and other sources.
|
| 590 |
|
|
|a Electronic reproduction. Ann Arbor, Michigan : ProQuest Ebook Central, 2023. Available via World Wide Web. Access may be limited to ProQuest Ebook Central affiliated libraries.
|
| 655 |
|
4 |
|a Electronic books.
|
| 776 |
0 |
8 |
|i Print version:
|a Richter, Sebastian
|t Digitaler Realismus
|d Bielefeld : transcript,c2015
|z 9783899429435
|
| 797 |
2 |
|
|a ProQuest (Firm)
|
| 830 |
|
0 |
|a Film
|
| 856 |
4 |
0 |
|u https://ebookcentral.proquest.com/lib/matrademy/detail.action?docID=6955785
|z Click to View
|